000 00515nam a2200181 4500
001 121376
003 ES-MaACL
005 20250918063032.0
007 t|
008 070214s1932 fr r ||||1| fre d
100 1 _aMolière,
_d1622-1673
_981873
245 1 0 _aOuvres completes /
_cMoliere ; texte etabli et annoté par Maurice Rat.
260 _aParis :
_bLa Pleiade,
_c1932.
300 _a2 v. ;
_c18 cm.
700 1 _aRat, Maurice.
_995518
852 _aES-MaACL
_j8413-14
999 _c121376
_d121376